Indycar Tracks Since 2010: UPDATED 2026 - Statistics

General Stats
  • This quiz has been taken 40 times
    11 since last reset
  • The average score is 38 of 39
Answer Stats
State/ Province Year(s) raced Track Type Answer % Correct
Texas 2026 Street Course Arlington
100%
California 2012-2015 Superspeedway Auto Club
100%
Maryland 2011-2013 Street Course Baltimore
100%
Alabama 2010-2019, 2021-2026 Road Course Barber
100%
Michigan 2010-2019, 2021-2022 Street Course Belle Isle
100%
Illinois 2010 Superspeedway Chicagoland
100%
Michigan 2023-2026 Road Course Detroit
100%
Alberta 2010-2012 Street Course Edmonton
100%
Florida 2010 Superspeedway Homestead-Miami
100%
Texas 2013-2014 Street Course Houston
100%
Indiana 2010-2026 Superspeedway Indianapolis
100%
Iowa 2010-2025 Short Oval Iowa
100%
Kansas 2010 Superspeedway Kansas
100%
Kentucky 2010-2011 Superspeedway Kentucky
100%
California 2019, 2021-2026 Road Course Laguna Seca
100%
Nevada 2011 Superspeedway Las Vegas
100%
California 2010-2019, 2021-2026 Street Course Long Beach
100%
Ontario 2026 Street Course Markham
100%
Ohio 2010-2026 Road Course Mid-Ohio
100%
Wisconsin 2011-2015, 2024-2026 Short Oval Milwaukee
100%
Tennessee 2021-2023 Street Course Nashville Streets
100%
Tennessee 2024-2026 Superspeedway Nashville Superspeedway
100%
New Hampshire 2011 Short Oval New Hampshire
100%
Louisiana 2015 Road Course Nola
100%
Arizona 2016-2018, 2026 Short Oval Phoenix
100%
Pennsylvania 2013-2019 Superspeedway Pocono
100%
Wisconsin 2016-2026 Road Course Road America
100%
São Paulo 2010-2013 Street Course Sao Paulo
100%
Florida 2010-2026 Street Course St. Petersburg
100%
Texas 2010-2023 Superspeedway Texas
100%
Ontario 2010-2019, 2022-2025 Street Course Toronto
100%
District of Columbia 2026 Street Course Washington D.C.
100%
New York 2010, 2016-2017 Road Course Watkins Glen
100%
Illinois 2017-2026 Short Oval WWT Raceway
100%
Texas 2019 Road Course Cota
88%
Indiana 2014-2026 Road Course Indianapolis Road Course
88%
California 2010-2018 Road Course Sonoma
88%
Tochigi 2011-2012 Superspeedway Twin Ring Motegi
88%
California 2024-2025 Road Course Thermal
75%
No matching quizzes found
Score Distribution
Percent of People with Each Score
Percentile by Number Answered
Your Score History
You have not taken this quiz since the last reset